| 000 | 00739cam a2200229 4500 | ||
|---|---|---|---|
| 001 | WB3611-31 | ||
| 008 | 000000n2000 000 0 eng u | ||
| 035 | _a(Sirsi) u104765 | ||
| 245 | _aCountrywide flotation | ||
| 260 | _c2000 | ||
| 490 |
_aFinancial Times _v10 March 2000, 31(1) |
||
| 520 | _aCountrywide Assured is considering the possibility of floating its internet site, www.rightmove.co.uk, as well as its residential conveyancing and surveying operation. | ||
| 590 | _aWB | ||
| 650 | _aCOUNTRYWIDE ASSURED | ||
| 650 | _aINTERNET | ||
| 650 | _aFLOTATION | ||
| 650 | _aSHARES | ||
| 650 | _aESTATE AGENTS | ||
| 650 | _aPROPERTY SERVICES | ||
| 690 | _aMANAGEMENT-BUSINESS MANAGEMENT-PROFESSIONAL PRACTICE | ||
| 942 | _n0 | ||
| 999 |
_c62855 _d62855 |
||